Les Rues les Plus Chères de Paris - Statistiques

Statistiques générales
  • Ce quiz a été pris 105 fois
  • Le résultat moyen est 2 sur 20
Statistiques - réponses
# Arrondissement Rue % Correct
1 8ème Avenue Montaigne
74%
14 7ème Rue de Varenne
20%
5 6ème Rue Bonaparte
17%
6 6ème Rue Jacob
15%
19 7ème Rue de Lille
14%
11 6ème Rue Saint Sulpice
11%
13 6ème et 7ème Rue des Saints Pères
10%
2 7ème Quai d'Orsay
9%
4 4ème Rue Saint Louis en L'île
9%
16 6ème Rue du Four
8%
20 5ème Quai de la Tournelle
3%
17 6ème Rue du Dragon
3%
7 7ème Avenue Charles Floquet
2%
10 7ème Rue de Bellechasse
2%
15 1er Rue de Montpensier
2%
12 7ème Rue Barbet de Jouy
1%
18 7ème Rue de Beaune
1%
3 4ème Rue des Deux Ponts
1%
8 8ème Rue Jean Goujon
1%
9 7ème Rue Las Cases
1%
Aucun quiz correspondant
Distribution des résultats
% des personnes avec chaque résultat
Percentile par nombre de réponses
Votre historique - résultats
Vous n’avez pas pris ce quiz